000 00292nam a22001337a 4500
008 171003b xxu||||| |||| 00| 0 eng d
020 _a0803626738
041 _aeng
080 _a159.9
100 _a48
101 _aPSI
245 _aPSYCHIATRIC CARE PLANS
_cDOENGES,M.E
942 _2udc
_cBK
999 _c31308
_d31308